000 01271nam0a2200361 4500
001 RU\NLR\bibl\1450518
005 20250615231533.0
010 _a978-5-222-16232-3
_95000
021 _aRU
_b2009-84666
_95325
035 _a(nilc)RSL-KNO-004400354
035 _a(NLR Aleph) 001442340
090 _a1470950
_c1470950
100 _a20091021d2009 |||y0rusy50 ca
101 0 _arus
102 _aRU
105 _ay zzzz|||||
200 1 _aНовый курс лекций по препаратам Тяньши
_fФ.Р. Бикбаева
205 _aИзд. 8-е, стер.
210 _aРостов-на-Дону
_cФеникс
_d2009
215 _a412, [2] с.
_d21
225 1 _aСерия "Медицина для вас"
606 1 _aПищевые добавки "Тяньши" корпорации
_xЛечебное применение
_92339395
_3RU\NLR\auth\661398438
610 0 _a"тяньши"
686 _aР123.02я9
_2rubbk
686 _aР123.02
700 1 _aБикбаева
_bФ. Р.
_gФарида Равильевна
_4070
801 0 _aRU
_bРКП
_c20091021
_grcr
801 1 _aRU
_bРГБ
_c20091021
801 2 _aRU
_bNLR
_c20091210
_grcr
830 _aавт. раскрыт по кн.
942 _cBOOK
980 _aNB